书目信息 |
| 题名: |
宋明理学研究
|
|
| 作者: | 张立文 著 | |
| 分册: | ||
| 出版信息: | 北京 中国人民大学出版社 1985 |
|
| 页数: | 691页 | |
| 开本: | 20cm | |
| 丛书名: | ||
| 单 册: | ||
| 中图分类: | B20 | |
| 科图分类: | ||
| 主题词: | 唯物主义--哲学--中国 , 唯心主义--哲学--中国 | |
| 电子资源: | ||
| ISBN: | ||
| 000 | 00649nam0 2200241 45 | |
| 001 | 0185000434 | |
| 005 | 20050523162410.2 | |
| 010 | @dCNY4.50 | |
| 091 | @a2011.116 | |
| 100 | @a19901021d1985 emky0chiy0121 ea | |
| 101 | 0 | @achi |
| 102 | @aCN@b110000 | |
| 105 | @ay z 000yy | |
| 200 | 10 | @a宋明理学研究@Asong ming li xue yan jiu@f张立文著@FZhang Li Wen Zhu |
| 210 | @a北京@c中国人民大学出版社@d1985 | |
| 215 | @a691页@d20cm | |
| 606 | 0 | @a唯物主义@x哲学@x中国 |
| 606 | 0 | @a唯心主义@x哲学@x中国 |
| 690 | @aB20@v3 | |
| 701 | 0 | @a张立文@4著 |
| 801 | 0 | @aCN@b深圳图书馆@c20040507 |
| 801 | 2 | @aCN@bNLC@c20040507 |
| 905 | @dB20@e40@f1@b149561 | |
| 宋明理学研究/张立文著.-北京:中国人民大学出版社,1985 |
| 691页;20cm |
| ISBN :CNY4.50 |
| ● |
| 相关链接 |
|
|
|
|
正题名:宋明理学研究
索取号:B20/40
 
预约/预借
| 序号 | 登录号 | 条形码 | 馆藏地/架位号 | 状态 | 备注 |
| 1 | 0149559 | 001123171 | 第一借阅区/ [索取号:B20/40] | 在馆 | |
| 2 | 0149560 | 001123180 | 密集书库/ [索取号:B20/40] | 在馆 | |
| 3 | 0149561 | 002049054 | 第一样本阅览室/ [索取号:B20/40] | 在馆 |